[Event "Hastings Chess Congress"]
[Site "Hastings ENG"]
[Date "2009.01.05"]
[EventDate "2008.12.28"]
[Round "9"]
[Result "1/2-1/2"]
[White "Bernard Cafferty"]
[Black "Uwe Nebel"]
[WhiteElo "2179"]
[BlackElo "2001"]
[PlyCount "52"]

1. Nf3 e6 2. c4 f5 3. g3 Nf6 4. Bg2 d6 5. O-O Be7 6. b4 O-O
7. Bb2 Qe8 8. d4 Nbd7 9. Nbd2 Qh5 10. Qb3 Re8 11. Rfe1 g5
12. Rf1 h6 13. Rac1 c6 14. e3 Bd8 15. Qd3 Qg6 16. c5 Bc7
17. cxd6 Bxd6 18. Qb3 Nd5 19. b5 cxb5 20. Qxb5 N7b6 21. Qb3
Bd7 22. Ne5 Bxe5 23. dxe5 Rec8 24. e4 fxe4 25. Nxe4 Bc6
26. Nd6 Rf8 1/2-1/2

[Event "Hastings Chess Congress"]
[Site "Hastings ENG"]
[Date "2009.01.05"]
[EventDate "2008.12.28"]
[Round "9"]
[Result "1/2-1/2"]
[White "R Alan Barton"]
[Black "Martin Mitchell"]
[WhiteElo "2131"]
[BlackElo "2169"]
[PlyCount "122"]

1. d4 g6 2. e4 Bg7 3. Nf3 d6 4. h3 Nf6 5. Nc3 O-O 6. Be3 a6
7. a4 c5 8. dxc5 Qa5 9. Nd2 dxc5 10. Nb3 Qc7 11. Nxc5 b6
12. Nb3 Bb7 13. Bd3 Nbd7 14. O-O Nh5 15. Qc1 Bxc3 16. bxc3
Qxc3 17. Rd1 Nhf6 18. Ra3 Qc7 19. Nd2 Nc5 20. Qb2 Rfd8 21. Rb1
Nfd7 22. f3 Bc6 23. Bh6 e5 24. Qa2 Nxd3 25. cxd3 Nc5 26. Nc4
Nxd3 27. Nxb6 Rab8 28. Be3 Nf4 29. Kh2 Qe7 30. Rc3 Bb7 31. Qc2
Qf8 32. Rc7 Qe8 33. Bxf4 exf4 34. Qc5 Ba8 35. a5 Rb7 36. Rc1
Rxc7 37. Qxc7 g5 38. Qc5 h6 39. Qf5 Qe7 40. Rc8 Bb7 41. Rxd8+
Qxd8 42. e5 Qe7 43. Nd7 Qe6 44. Nf6+ Kf8 45. Qh7 Ke7 46. Ng8+
Kd7 47. Nxh6 Bd5 48. Ng4 Kc6 49. Qh8 Qe7 50. Qb8 Qb7 51. Qd6+
Kb5 52. Qa3 Qc7 53. Qb2+ Ka4 54. Nf6 Ba8 55. Ne8 Qxa5 56. Nd6
Bd5 57. Qa1+ Kb4 58. Qe1+ Ka4 59. Qa1+ Kb4 60. Qe1+ Ka4
61. Qa1+ Kb4 1/2-1/2

[Event "Hastings Chess Congress"]
[Site "Hastings ENG"]
[Date "2009.01.05"]
[EventDate "2008.12.28"]
[Round "9"]
[Result "1-0"]
[White "David Cilia Vincenti"]
[Black "Evangelos Kakkanas"]
[WhiteElo "2108"]
[BlackElo "2009"]
[PlyCount "95"]

1. d4 Nf6 2. c4 e6 3. Nc3 d5 4. cxd5 exd5 5. Bg5 Be7 6. e3 O-O
7. Bd3 h6 8. Bh4 c6 9. Nge2 Nh5 10. Bxe7 Qxe7 11. O-O f5
12. Ng3 Nxg3 13. hxg3 Nd7 14. Qc2 Qg5 15. b4 Nf6 16. b5 Ng4
17. Be2 Rf6 18. bxc6 bxc6 19. Na4 h5 20. Bxg4 hxg4 21. Nc5 Rh6
22. f4 gxf3 23. Rxf3 Qh5 24. Kf2 Qh2 25. Qd1 f4 26. Rxf4 Rh3
27. Qf3 Rh6 28. Rf8+ Kh7 29. Rxc8 Rxc8 30. Qf5+ Rg6 31. Qxc8
Rf6+ 32. Ke2 Qxg2+ 33. Kd3 Rf2 34. Qg4 Rd2+ 35. Kc3 Rc2+
36. Kb3 Rb2+ 37. Ka3 Rb5 38. Nb3 a5 39. Qh5+ Kg8 40. Rh1 Qe4
41. Qh8+ Kf7 42. Rf1+ Kg6 43. Qf8 Qe6 44. g4 Qxg4 45. Qf7+ Kh6
46. Rh1+ Kg5 47. Qxg7+ Kf5 48. Rf1+ 1-0

[Event "Hastings Chess Congress"]
[Site "Hastings ENG"]
[Date "2009.01.05"]
[EventDate "2008.12.28"]
[Round "9"]
[Result "0-1"]
[White "Arne Hagesaether"]
[Black "Raymond Charles Cannon"]
[WhiteElo "2181"]
[BlackElo "2041"]
[PlyCount "66"]

1. e4 e6 2. d4 d5 3. e5 c5 4. c3 Nc6 5. Nf3 Qb6 6. Bd3 cxd4
7. O-O Bd7 8. a4 dxc3 9. Nxc3 a6 10. Qe2 Nd4 11. Nxd4 Qxd4
12. Rd1 Qh4 13. Be3 Nh6 14. f3 Bb4 15. g3 Qe7 16. Rdc1 O-O
17. Na2 Rfc8 18. Nxb4 Qxb4 19. Bd2 Qxb2 20. Rxc8+ Rxc8 21. Rb1
Qd4+ 22. Kg2 Bc6 23. Rb4 Qc5 24. Bb1 Nf5 25. h4 d4 26. h5 Ne3+
27. Kf2 Qxe5 28. f4 Qd5 29. Bxe3 dxe3+ 30. Qxe3 Qg2+ 31. Ke1
Bf3 32. Rb3 Rc1+ 33. Qxc1 Qe2+ 0-1

[Event "Hastings Chess Congress"]
[Site "Hastings ENG"]
[Date "2009.01.05"]
[EventDate "2008.12.28"]
[Round "9"]
[Result "1/2-1/2"]
[White "Timothy Spanton"]
[Black "Nigel P Donovan"]
[WhiteElo "1982"]
[BlackElo "2093"]
[PlyCount "132"]

1. e4 c5 2. Nf3 d6 3. d4 cxd4 4. Qxd4 Nc6 5. Bb5 Bd7 6. Bxc6
Bxc6 7. Nc3 Nf6 8. Bg5 e6 9. O-O-O Be7 10. Rhe1 O-O 11. Kb1
Qc7 12. Qd2 Rfd8 13. Nd4 Rab8 14. f3 b5 15. g4 b4 16. Nce2 Ba8
17. Ng3 a5 18. Nh5 Ne8 19. h4 a4 20. Bxe7 Qxe7 21. g5 g6
22. Ng3 e5 23. Nde2 d5 24. exd5 Bxd5 25. Qe3 Bxa2+ 26. Kxa2
b3+ 27. cxb3 Rxb3 28. Nc3 Qb4 29. Rd2 Rb8 30. Ree2 Nd6
31. Nge4 Nc4 32. Qc5 Nxd2 33. Qxb4 R3xb4 34. Rxd2 Kg7 35. Nd5
Rb3 36. Nec3 Rd8 37. Rf2 Ra8 38. Nxa4 Rd3 39. Ndb6 Ra6 40. b3
Rd4 41. Re2 Rxh4 42. Rxe5 Rf4 43. Kb2 Rb4 44. Nd5 Rb5 45. Nac3
Rb7 46. f4 Re6 47. Rxe6 fxe6 48. Ne3 Rf7 49. Ne2 e5 50. Ng2
Rf5 51. Ne3 Rf7 52. Ng2 Re7 53. Kc3 exf4 54. Nexf4 Re5 55. b4
Kf7 56. Nh3 Ke6 57. Kc4 Kd6 58. Kd4 Rb5 59. Kc4 Re5 60. Kd4
Rb5 61. Kc4 Kc6 62. Ngf4 Re5 63. Kd4 Rb5 64. Kc4 Re5 65. Kd4
Rb5 66. Kc4 Re5 1/2-1/2

[Event "Hastings Chess Congress"]
[Site "Hastings ENG"]
[Date "2009.01.05"]
[EventDate "2008.12.28"]
[Round "9"]
[Result "1-0"]
[White "Juan Carlos Fernandez Fernandez"]
[Black "Jude A Lenier"]
[WhiteElo "2062"]
[BlackElo "1831"]
[PlyCount "49"]

1. d4 Nf6 2. c4 c5 3. d5 e6 4. Nc3 exd5 5. cxd5 d6 6. e4 g6
7. h3 Bg7 8. Nf3 O-O 9. Bd3 b5 10. Nxb5 Nxe4 11. O-O a6
12. Na3 Re8 13. Re1 Nf6 14. Rxe8+ Qxe8 15. Nc4 Qd8 16. Bf4 Bf8
17. Bg5 Bb7 18. Ne3 Nbd7 19. Bc4 Bg7 20. Qd3 Qc7 21. Re1 Nb6
22. b3 a5 23. Nd2 Re8 24. Re2 Nbxd5 25. Nxd5 1-0

[Event "Hastings Chess Congress"]
[Site "Hastings ENG"]
[Date "2009.01.05"]
[EventDate "2008.12.28"]
[Round "9"]
[Result "1/2-1/2"]
[White "David Ian Calvert"]
[Black "Birk Anders Rolvaag"]
[WhiteElo "2051"]
[BlackElo "1880"]
[PlyCount "52"]

1. b3 e5 2. Bb2 Nc6 3. e3 g6 4. d4 exd4 5. Nf3 Bg7 6. Nxd4
Nxd4 7. Bxd4 Nf6 8. Be2 O-O 9. O-O d5 10. Nd2 Qd6 11. c4 c5
12. Bb2 Ng4 13. Bxg4 Bxb2 14. Rb1 Bxg4 15. Qxg4 Bg7 16. Rfd1
Qe6 17. Qf3 dxc4 18. Nxc4 b5 19. Nd6 a6 20. Ne4 c4 21. Nc5 Qf5
22. Qxf5 gxf5 23. bxc4 bxc4 24. Nd7 c3 25. Nxf8 Kxf8 26. Rbc1
Rb8 1/2-1/2

[Event "Hastings Chess Congress"]
[Site "Hastings ENG"]
[Date "2009.01.05"]
[EventDate "2008.12.28"]
[Round "9"]
[Result "1-0"]
[White "Manuel Jesus Conde Chijeb"]
[Black "James S Macrae"]
[WhiteElo "1790"]
[BlackElo "1778"]
[PlyCount "65"]

1. c4 e6 2. Nc3 Nf6 3. e3 d5 4. d4 c6 5. c5 Be7 6. Nge2 O-O
7. Ng3 b6 8. b4 a5 9. Na4 Nbd7 10. bxa5 bxc5 11. Bd2 cxd4
12. exd4 Qc7 13. Bd3 e5 14. Nf5 exd4 15. Nxe7+ Kh8 16. O-O Ba6
17. Bxa6 Rxa6 18. Nf5 c5 19. Rc1 Qe5 20. Nh4 c4 21. Nf3 Qe4
22. Bb4 Rb8 23. Nb6 Nxb6 24. axb6 Raxb6 25. Bc5 Rb2 26. Bxd4
Rxa2 27. Re1 Qf5 28. Bxf6 gxf6 29. Ra1 Rbb2 30. Qd4 Re2
31. Rad1 Qc2 32. Qxf6+ Kg8 33. Rxd5 1-0